| 000 | 00403nam a2200133Ia 4500 | ||
|---|---|---|---|
| 008 | 250506s9999 xx 000 0 und d | ||
| 024 | _a04A-56-EE & 03A-58-EE | ||
| 082 | _a621.4672 NOO | ||
| 100 | _aJunaid Noor & Muhammad Farhan | ||
| 245 | 0 | _aSoft Starter for 3-Phase Induction Motor | |
| 260 |
_aKarachi: _bUIT, _c2004 |
||
| 600 | _aElectronic Engineering | ||
| 650 | _aBachelor of Engineering (BE) | ||
| 999 |
_c28175 _d28175 |
||